000 00603nam a2200229Ia 4500
003 OSt
005 20220924114058.0
006 a|||||r|||| 00| 0
007 ta
008 220923b |||||||| |||| 00| 0 urd d
024 _a315968
037 _cTextual
040 _aARTS
_cARTS
_burd
041 _2urd
_aurd
082 _aO168,1NQMx, E3
100 _aKhan Abdul Ali
_9171729
245 0 _aNalah-e-masheer
260 _aAligarh
_bMatba Jamia India
_c1913
650 _aURDU POETRY
942 _hO168,1NQMx, E3
_cTEXL
_2CC
999 _c391788
_d391788